Social groups as system and subsystem.

Bibliographic Details
Main Author: Ramsøy, Odd, 1924-2000
Format: Book
Language:English
Published: New York : Free Press of Glencoe, [1963]
Subjects:

MARC

Tag First Indicator Second Indicator Subfields
LEADER 00000cam a2200000 4500
001 in00000038160
005 20151007080851.0
008 740731s1963 eng u
010 |a  63022820  
035 |a (OCoLC)00968093 
035 |9 AAF5507AM 
040 |c BBH  |d TXA  |d UtOrBLW 
049 |a TXAM  |c [403726] 
050 0 |a HM131  |b .R2 
082 0 |a 301.158 
092 |a 301.18  |b R183s 
100 1 |a Ramsøy, Odd,  |d 1924-2000. 
245 1 0 |a Social groups as system and subsystem. 
264 1 |a New York :  |b Free Press of Glencoe,  |c [1963] 
300 |a 204 pages ;  |c 23 cm. 
336 |a text  |b txt  |2 rdacontent 
337 |a unmediated  |b n  |2 rdamedia 
338 |a volume  |b nc  |2 rdacarrier 
504 |a Includes bibliography. 
650 0 |a Social groups. 
999 |a MARS 
999 f f |s 483b1207-5b26-372e-9a5a-478f758efbe7  |i d6a91074-8373-3923-8306-09281e1f4c28  |t 0 
952 f f |p ric  |a Texas A&M University  |b Rellis Campus  |c Joint Library Facility  |d Remote Storage  |t 0  |e HM131 .R2  |h Library of Congress classification  |i unmediated -- volume  |m A14800639181 
998 f f |a HM131 .R2  |t 0  |l Remote Storage